Statistics for Five Missing Countries by Continent

Click here to take the quiz!

General Stats

  • This quiz has been taken 1,235 times
    (1,230 since last reset)
  • The average score is 15 of 30

Answer Stats

ContinentMissing Country% Correct
South AmericaGuyana
69%
North AmericaSt Kitts & Nevis
67%
South AmericaUruguay
67%
South AmericaBolivia
66%
South AmericaParaguay
65%
South AmericaPeru
65%
AfricaZimbabwe
65%
OceaniaVanuatu
63%
North AmericaHaiti
62%
OceaniaTonga
62%
OceaniaSamoa
57%
OceaniaMicronesia
56%
North AmericaBahamas
55%
EuropeFinland
55%
OceaniaP.N.G.
55%
North AmericaGuatemala
52%
North AmericaPanama
47%
EuropeSlovenia
47%
AsiaIndia
44%
AsiaOman
44%
AsiaIsrael
40%
EuropeMontenegro
37%
EuropeSpain
37%
AfricaEgypt
33%
AfricaMalawi
32%
EuropeMoldova
32%
AsiaKuwait
31%
AfricaTogo
31%
AsiaSri Lanka
25%
AfricaSenegal
21%

Score Distribution

Percentile by Number Answered

Percent of People with Each Score

Your Score History

You have not taken this quiz since the last reset